000 00844cam a2200289 4500
008 090401t1995 xxu||||| |||| 00| 0 eng d
020 _a9251036276
035 _a(Sirsi) u5997
041 _aeng
050 _a526.92
100 _aBinns, Bernard O.
245 _aCadastral surveys and records of rights in land.
260 _aRome, Italy
_bFAO
_c1995
300 _a88p. : ill.,maps ; 21cm.
350 _a5
490 _aFAO Land Tenure Studies
_v1
520 _aBased on the 1953 study by Sir Bernard Binns revised by Peter F. Dale.
650 _aCADASTRAL REFORM
650 _aCADASTRAL SURVEYING
650 _aLAND REGISTRATION
650 _aLAND RIGHTS
690 _aLAND SURVEYING
700 _aDale, Peter F
710 _aFood and Agriculture Organization of the United Nations
942 _n0
948 _c04/03/1997
999 _c86236
_d86236